The ultimate chinese and Asian cook book

Other Authors: Doeser,
Published: London: Hermes House Pub., 1997.
Subjects:
LEADER 00537cam a2200169 7i4500
001 0000001641
005 20090402090000.0
008 090402s1997
020 0 0 |a 1901289095  
090 0 0 |a TX 724.5   |b .C5 U4 1997 
245 0 4 |a The ultimate chinese and Asian cook book   |c consultant editor : Linda Doeser. 
260 0 0 |a London:   |b Hermes House Pub.,   |c 1997. 
300 # # |a 512 p.:   |b ill. col.;   |c 30 cm. 
650 0 0 |a Cookery --   |x Oriental --   |z .  
650 0 0 |a Cookery, Chinese  
700 1 1 |a Doeser,   |h Linda  
999 |a 1000401092  |b Book  |c Open Shelf  |e KOLEKSI TERBUKA